El periodista universal /

Obra que, mediante la explicación de aspectos particulares del oficio periodístico, orienta sobre cómo ser un buen profesional de la información. La obra tiene la virtud de que, a la vez que aborda cuestiones muy concretas -por ejemplo cuáles verbos son neutros-, se ocupa del sentido de la profesión...

Descripción completa

Guardado en:
Detalles Bibliográficos
Autor principal: Randall, David (autor)
Otros autores: Estefanía, Joaquín (prólogo) (prólogo)
Formato: Libro
Idioma:Español
Publicado: Madrid, España : Siglo XXI, 1999, c1999
Colección:(Manuales. Periodismo)
Temas:
Etiquetas: Agrega una etiqueta
Sin etiquetas, Sé el primero en etiquetar este registro!

MARC

LEADER 00000nam^a2200000^a^4500
001 000138976
005 20250521000000.0
009 20260310095446.95
020 |a 84-323-0993-1 
037 |a Acervo ITESO - Biblioteca 
041 |a ESP 
082 |a 302. 231  |b RAN 
100 |a Randall, David  |e (autor) 
245 1 3 |a El periodista universal /  |c D. Randall ; pról. de J. Estefanía. 
264 4 |a Madrid, España :  |b Siglo XXI,  |c 1999, c1999 
300 |a 266 p. 
336 |a texto  |b txt  |2 rdacontenido 
337 |a sin mediación  |b n  |2 rdamedio 
338 |a volumen  |b nc  |2 rdasoporte 
440 1 |a (Manuales.  |p Periodismo) 
500 |a Traducción de: The Universal Journalist 
520 |a Obra que, mediante la explicación de aspectos particulares del oficio periodístico, orienta sobre cómo ser un buen profesional de la información. La obra tiene la virtud de que, a la vez que aborda cuestiones muy concretas -por ejemplo cuáles verbos son neutros-, se ocupa del sentido de la profesión y habla de la dimensión ética que debe atravesar su ejercicio. 
649 |a XX 
650 |a Entrevista 
650 |a Reportaje Periodístico 
650 |a Noticia 
650 |a Géneros Periodísticos 
650 |a Fuentes de Información 
650 |a Etica Periodística 
650 |a Etica Profesional 
650 |a Periodismo 
650 |a Comunicación Masiva 
700 |a Estefanía, Joaquín  |e (prólogo) 
910 |a Fondo General 
920 |a Impresos - Libros 
930 |a Colección General 
905 |a 101 
901 |a 0500066948  |b IT1  |c ACC  |u 20250521 
902 |a https://opac.biblio.iteso.mx/vufind/Record/000138976